Sports Quiz

Random Sports or Football Quiz

2010-2011 NBA Starting Lineups Quiz Stats

 Plays Quiz not verified by Sporcle

Score 0/150 Timer 15:00
0 Plays Today
Team/Position Name % Correct
Boston Celtics SFP. Pierce
98.6%
Boston Celtics PGR. Rondo
98.3%
Boston Celtics SGR. Allen
98.3%
Boston Celtics PFK. Garnett
98.3%
Atlanta Hawks SGJ. Johnson
98%
Atlanta Hawks SFM. Williams
97.3%
Cleveland Cavaliers PGM. Williams
97.3%
Denver Nuggets PFS. Williams
97.3%
Utah Jazz PGD. Williams
97.3%
Atlanta Hawks PFJ. Smith
96.6%
New Jersey Nets PFJ. Smith
96.6%
Boston Celtics CS. Oneal
96.3%
Chicago Bulls PGD. Rose
95.6%
Charlotte Bobcats SFG. Wallace
94.9%
Detroit Pistons CB. Wallace
94.9%
LA Lakers SGK. Bryant
94.9%
LA Lakers CP. Gasol
94.9%
Memphis Grizzlies CM. Gasol
94.9%
Miami Heat SFL. James
94.9%
Oklahoma City Thunder SFK. Durant
94.9%
Orlando Magic CD. Howard
94.9%
Washington Wizards SFJ. Howard
94.9%
New Orleans Hornets PFD. West
94.6%
Oklahoma City Thunder PGR. Westbrook
93.9%
Atlanta Hawks PGM. Bibby
93.6%
Miami Heat SGD. Wade
93.6%
Miami Heat PFC. Bosh
93.6%
Denver Nuggets SFC. Anthony
93.2%
Miami Heat CJ. Anthony
93.2%
Dallas Mavericks PFD. Nowitzki
92.2%
Atlanta Hawks CA. Horford
91.5%
Phoenix Suns PGS. Nash
91.5%
Indiana Pacers SFD. Granger
91.2%
LA Lakers PGD. Fisher
91.2%
Orlando Magic SGV. Carter
90.8%
Dallas Mavericks PGJ. Kidd
90.5%
New York Knicks PFA. Stoudemire
90.5%
Washington Wizards PGJ. Wall
90.5%
Chicago Bulls CJ. Noah
90.2%
LA Clippers PGB. Davis
90.2%
Cleveland Cavaliers SGA. Parker
89.8%
Orlando Magic PGJ. Nelson
89.8%
San Antonio Spurs PGT. Parker
89.8%
LA Lakers SFR. Artest
88.8%
Denver Nuggets PGC. Billups
88.1%
LA Lakers PFL. Odom
88.1%
Orlando Magic PFR. Lewis
88.1%
New Jersey Nets CB. Lopez
87.8%
Phoenix Suns CR. Lopez
87.8%
Chicago Bulls PFC. Boozer
87.5%
Team/Position Name % Correct
LA Clippers PFB. Griffin
87.5%
Memphis Grizzlies SFR. Gay
87.1%
Portland Trail Blazers SGB. Roy
87.1%
Toronto Raptors PGJ. Jack
86.8%
Milwaukee Bucks PGB. Jennings
86.4%
New Orleans Hornets PGC. Paul
86.4%
Philadelphia 76ers SGA. Iguodala
86.1%
San Antonio Spurs SFR. Jefferson
86.1%
San Antonio Spurs CT. Duncan
86.1%
Utah Jazz CA. Jefferson
86.1%
Charlotte Bobcats SGS. Jackson
85.8%
Chicago Bulls SFL. Deng
85.8%
LA Clippers SGE. Gordon
85.8%
Golden State Warriors PGS. Curry
84.7%
Golden State Warriors SGM. Ellis
84.7%
Houston Rockets CY. Ming
84.7%
Milwaukee Bucks CA. Bogut
84.1%
New York Knicks PGR. Felton
84.1%
Dallas Mavericks CT. Chandler
83.7%
Memphis Grizzlies PFZ. Randolph
83.1%
Detroit Pistons SGR. Hamilton
82.7%
LA Clippers CC. Kaman
82.7%
Memphis Grizzlies SGO. Mayo
82.7%
Portland Trail Blazers PGA. Miller
82.7%
Phoenix Suns SGJ. Richardson
82%
New Jersey Nets PGD. Harris
81.7%
Oklahoma City Thunder PFJ. Green
81.7%
Sacramento Kings SGT. Evans
81.7%
Toronto Raptors PFR. Evans
81.7%
Houston Rockets PGA. Brooks
81.4%
Houston Rockets SGK. Martin
80.7%
Memphis Grizzlies PGM. Conley
80.3%
Detroit Pistons SFT. Prince
80%
San Antonio Spurs SGM. Ginobili
80%
Golden State Warriors PFD. Lee
79.7%
Dallas Mavericks SFC. Butler
79%
Denver Nuggets CNene
79%
New Orleans Hornets CE. Okafor
78.6%
Philadelphia 76ers PFE. Brand
78%
Indiana Pacers CR. Hibbert
77.6%
Minnesota T'Wolves PFK. Love
77.3%
Portland Trail Blazers PFL. Aldridge
77.3%
Dallas Mavericks SGJ. Terry
76.6%
Detroit Pistons PGR. Stuckey
76.6%
Houston Rockets PFL. Scola
74.6%
Washington Wizards SGG. Arenas
73.6%
Phoenix Suns SFG. Hill
73.2%
Indiana Pacers PGD. Collison
72.9%
Miami Heat PGC. Arroyo
72.5%
Charlotte Bobcats PGD. Augustin
71.9%
Team/Position Name % Correct
Cleveland Cavaliers PFJ. Hickson
71.5%
Portland Trail Blazers CM. Camby
71.5%
Utah Jazz SFA. Kirilenko
68.5%
Cleveland Cavaliers CA. Varejao
67.1%
Philadelphia 76ers PGJ. Holiday
66.4%
Milwaukee Bucks SGJ. Salmons
65.4%
New York Knicks SFD. Gallinari
64.7%
Sacramento Kings CD. Cousins
64.1%
Toronto Raptors CA. Bargnani
63.1%
Washington Wizards PFA. Blatche
61.4%
Chicago Bulls SGR. Brewer
59.7%
Houston Rockets SFS. Battier
59.3%
Phoenix Suns PFH. Turkoglu
59.3%
Indiana Pacers SGM. Dunleavy
58.6%
New Orleans Hornets SFT. Ariza
58%
Golden State Warriors CA. Biedrins
57.6%
Oklahoma City Thunder SGT. Sefolosha
57.6%
Oklahoma City Thunder CN. Krstic
56.3%
Utah Jazz PFP. Millsap
54.6%
Charlotte Bobcats PFB. Diaw
53.9%
San Antonio Spurs PFD. Blair
53.9%
Minnesota T'Wolves SFM. Beasley
53.6%
Orlando Magic SFM. Pietrus
53.2%
Cleveland Cavaliers SFJ. Moon
51.5%
Sacramento Kings PGB. Udrih
51.5%
Portland Trail Blazers SFN. Batum
50.5%
Philadelphia 76ers CS. Hawes
49.8%
Washington Wizards CJ. Mcgee
49.8%
Denver Nuggets SGA. Afflalo
49.5%
Toronto Raptors SGD. Derozan
48.5%
Sacramento Kings PFC. Landry
46.8%
Minnesota T'Wolves CD. Milicic
45.8%
Minnesota T'Wolves PGL. Ridnour
43.1%
Utah Jazz SGR. Bell
42.4%
Charlotte Bobcats CN. Mohammed
40.7%
New York Knicks SGL. Fields
39%
New Jersey Nets SFT. Outlaw
38.3%
Golden State Warriors SFD. Wright
38%
Indiana Pacers PFJ. McRoberts
36.6%
Milwaukee Bucks PFD. Gooden
36.6%
New York Knicks CT. Mozgov
36.3%
Sacramento Kings SFO. Casspi
35.6%
New Jersey Nets SGA. Morrow
33.2%
LA Clippers SFR. Gomes
32.5%
Milwaukee Bucks SFC. Delfino
31.9%
Toronto Raptors SFL. Kleiza
26.8%
New Orleans Hornets SGM. Belinelli
26.4%
Philadelphia 76ers SFJ. Kapono
24.7%
Detroit Pistons PFA. Daye
24.4%
Minnesota T'Wolves SGW. Ellington
18.6%

You're not logged in!

Compare scores with friends on all Sporcle quizzes.
OR
Log In

Show Comments

Extras

Top Quizzes Today


Score Distribution

Your Account Isn't Verified!

In order to create a playlist on Sporcle, you need to verify the email address you used during registration. Go to your Sporcle Settings to finish the process.

Report this User

Report this user for behavior that violates our Community Guidelines.

Details: